000
00351nam a2200169Ia 4500
100
_a
Pedroni/Volnei A
650
_a
VHDL
942
_c
BK
366
_f
25
654
_a
vhdl
245
_a
Circuit design with VHDL
260
_b
Prentice Hall of India
_c
2009
082
_a
621.392
_b
PED
300
_a
363
546
_a
ENGLISH
_c
TTL
999
_c
34749
_d
34749